| 000 | 00672nam a2200241 a 4500 | ||
|---|---|---|---|
| 001 | BRCA_5597 | ||
| 005 | 20190320205140.0 | ||
| 008 | 210211s1940----au-a######---#000-0#ger-# | ||
| 041 | _ager | ||
| 044 | _aau | ||
| 050 | 4 |
_aNB623.R6 _b.P53 1940 |
|
| 100 | 1 |
_aPlaniscig, Leo _914269 |
|
| 245 | 1 | 0 |
_aLuca della Robbia _cLeo Planiscig. |
| 260 |
_aViena, Austria _bA. Schroll _c1940 |
||
| 300 |
_a38 p. _bil., 112 láminas _c25 cm. |
||
| 440 | 0 |
_aSammlung Schroll _913824 |
|
| 500 | _aEstado físico: camisa muy maltratada | ||
| 500 | _aF74 | ||
| 600 | 1 | 4 |
_aRobbia, Luca della _d1400?-1482 _914270 |
| 650 | 1 | 4 |
_aEscultores italianos _97653 |
| 902 | _aGFM | ||
| 942 |
_2lcc _cB |
||
| 999 |
_c5291 _d5291 |
||